[Event "FRA-chT2 1011"]
[Site "France"]
[Date "2010.11.14"]
[Round "3.6"]
[White "Dargagnon, Remi"]
[Black "Rodriguez, Angel"]
[Result "1-0"]
[WhiteElo "2043"]
[BlackElo "2071"]
[PlyCount "57"]
[EventDate "2010.10.17"]
[EventType "team-tourn"]
[EventRounds "11"]
[EventCountry "FRA"]
[SourceTitle "EXT 2012"]
[Source "ChessBase"]
[SourceDate "2011.11.24"]
[SourceVersion "1"]
[SourceVersionDate "2011.11.24"]
[SourceQuality "1"]

1. e4 e6 2. d4 d5 3. Nc3 Bb4 4. Nge2 Nc6 5. a3 Ba5 6. b4 Bb6 7. e5 Nge7 8. Na4 0-0 9. Nxb6 axb6 10. b5 Na5 11. Ng3 f6 12. Bd3 fxe5 13. dxe5 c5 14. Qh5 g6 15. Qh6 Qc7 16. 0-0 Nf5 17. Nxf5 exf5 18. Bg5 Be6 19. Bf6 d4 20. h4 Qf7 21. g4 Qd7 22. h5 c4 23. hxg6 cxd3 24. Qg5 Rxf6 25. exf6 hxg6 26. Qxg6+ Kf8 27. Rfe1 Qf7 28. Qh6+ Ke8 29. gxf5 1-0

[Event "Condom op 4th"]
[Site "Condom"]
[Date "2005.07.13"]
[Round "6"]
[White "Dargagnon, Remi"]
[Black "Cattaneo, Romain"]
[Result "1-0"]
[WhiteElo "2071"]
[BlackElo "1792"]
[PlyCount "49"]
[EventDate "2005.07.09"]
[EventType "swiss"]
[EventRounds "9"]
[EventCountry "FRA"]
[SourceTitle "CBM 107 Extra"]
[Source "ChessBase"]
[SourceDate "2005.09.01"]
[SourceVersion "1"]
[SourceVersionDate "2005.09.01"]
[SourceQuality "1"]

1. d4 d5 2. Nf3 Nf6 3. c4 e6 4. Nc3 Be7 5. Bf4 c6 6. e3 Nbd7 7. Bd3 dxc4 8. Bxc4 b5 9. Bd3 a6 10. 0-0 c5 11. a4 b4 12. Ne4 0-0 13. Qc2 cxd4 14. Bc7 Qe8 15. Nd6 Bxd6 16. Bxd6 dxe3 17. fxe3 Nd5 18. Bxf8 Nxe3 19. Qc6 Rb8 20. Rfe1 Nxg2 21. Kxg2 Qxf8 22. Bxa6 Bxa6 23. Qxa6 Nc5 24. Qc4 Nb7 25. Rac1 1-0

[Event "FRA-chT U18"]
[Site "France"]
[Date "1996.??.??"]
[Round "?"]
[White "Fontaine, Robert"]
[Black "Dargagnon, Remi"]
[Result "1-0"]
[WhiteElo "2300"]
[BlackElo "1700"]
[PlyCount "59"]
[EventDate "1996.??.??"]
[EventType "team"]
[EventRounds "11"]
[EventCountry "FRA"]
[SourceTitle "EXT 2004"]
[Source "ChessBase"]
[SourceDate "2003.11.25"]
[SourceVersion "1"]
[SourceVersionDate "2003.11.25"]
[SourceQuality "1"]

1. e4 c5 2. Nf3 d6 3. d4 cxd4 4. Nxd4 Nf6 5. Nc3 a6 6. g3 e6 7. Bg2 Be7 8. 0-0 0-0 9. a4 Qc7 10. a5 Nbd7 11. f4 Re8 12. Be3 Rb8 13. Qe2 Nf8 14. Nb3 N6d7 15. Na4 Nc5 16. Nb6 Nfd7 17. Nxc5 dxc5 18. Nc4 b5 19. axb6 Nxb6 20. Rfd1 Nxc4 21. Qxc4 Rb4 22. Qe2 Bd7 23. Bd2 Bb5 24. Qg4 Ra4 25. Rxa4 Bxa4 26. f5 Bf6 27. e5 Bxe5 28. Qxa4 Bd4+ 29. Kh1 exf5 30. Qxe8# 1-0